[Event "Oberliga Nord N 1920"]
[Site "Germany"]
[Date "2021.08.14"]
[Round "8.6"]
[White "Thannheiser, Thomas"]
[Black "Becker, Martin"]
[Result "1-0"]
[WhiteElo "2205"]
[BlackElo "1924"]
[PlyCount "87"]
[EventDate "2019.09.29"]
[EventType "team-tourn"]
[EventRounds "9"]
[EventCountry "GER"]
[SourceTitle "EXT 2023"]
[Source "ChessBase"]
[SourceDate "2022.10.05"]
[SourceVersion "1"]
[SourceVersionDate "2022.10.05"]
[SourceQuality "1"]
[WhiteTeam "Luebeck SV"]
[BlackTeam "Harburg Diagonale"]
[WhiteTeamCountry "GER"]
[BlackTeamCountry "GER"]

1. e4 c5 2. Nf3 Nf6 3. e5 Nd5 4. c3 Nc6 5. d4 cxd4 6. cxd4 e6 7. a3 d6 8. Bd3 dxe5 9. dxe5 Qc7 10. 0-0 g6 11. Re1 Bg7 12. Qe2 0-0 13. Bd2 Bd7 14. Nc3 Nxc3 15. Bxc3 Rfd8 16. Rac1 Qb6 17. Qe4 Be8 18. h4 Ne7 19. Bd4 Qa5 20. Qxb7 Nd5 21. Qa6 Qxa6 22. Bxa6 Bh6 23. Rc5 Bf8 24. Rc4 Rab8 25. b4 Ba4 26. Rec1 Bh6 27. Ng5 Bd7 28. g3 Kg7 29. f4 Bxg5 30. hxg5 h5 31. Bf2 Bb5 32. Bxb5 Rxb5 33. Rc5 Rbb8 34. Kg2 Ra8 35. Ra5 Rd7 36. Rc6 Kg8 37. Kf3 Ne7 38. Rd6 Rc7 39. Bc5 Nc6 40. Ra6 Nb8 41. Rd8+ Kh7 42. Ra5 Nc6 43. Rxa8 Nxa5 44. Rxa7 1-0

[Event "Erfurt MT op 27th"]
[Site "Erfurt"]
[Date "2017.12.29"]
[Round "7"]
[White "Thannheiser, Thomas"]
[Black "Wecker, Martin"]
[Result "1/2-1/2"]
[WhiteElo "2216"]
[BlackElo "2139"]
[PlyCount "60"]
[EventDate "2017.12.26"]
[EventType "swiss"]
[EventRounds "8"]
[EventCountry "GER"]
[SourceTitle "CBM 182 Extra"]
[Source "ChessBase"]
[SourceDate "2018.02.23"]
[SourceVersion "1"]
[SourceVersionDate "2018.02.23"]
[SourceQuality "1"]

1. d4 Nf6 2. Nf3 d5 3. c4 e6 4. Nc3 Bb4 5. e3 0-0 6. Bd3 c5 7. 0-0 dxc4 8. Bxc4 Nbd7 9. a3 cxd4 10. axb4 dxc3 11. bxc3 Qc7 12. Qb3 Nb6 13. Bd3 e5 14. Qc2 h6 15. Ra5 Nbd7 16. Ra3 b6 17. e4 Bb7 18. Nh4 a5 19. Qe2 axb4 20. Rxa8 Rxa8 21. cxb4 Ra1 22. Qb2 Ra8 23. f3 Ba6 24. Bxa6 Rxa6 25. Be3 Qc4 26. Rc1 Qd3 27. Qc3 Qe2 28. Qd2 Ra2 29. Qxe2 Rxe2 30. Bf2 Rb2 1/2-1/2

[Event "Oberliga Nord N 1617"]
[Site "Germany"]
[Date "2017.02.05"]
[Round "5.7"]
[White "Herlan, Klaus Juergen"]
[Black "Thannheiser, Thomas"]
[Result "0-1"]
[WhiteElo "1972"]
[BlackElo "2228"]
[PlyCount "122"]
[EventDate "2016.10.16"]
[EventType "team-tourn"]
[EventRounds "9"]
[EventCountry "GER"]
[SourceTitle "EXT 2018"]
[Source "ChessBase"]
[SourceDate "2017.10.13"]
[SourceVersion "1"]
[SourceVersionDate "2017.10.13"]
[SourceQuality "1"]
[WhiteTeam "Marmstorf"]
[BlackTeam "Luebeck"]
[WhiteTeamCountry "GER"]
[BlackTeamCountry "GER"]

1. d4 Nf6 2. Nf3 g6 3. c4 Bg7 4. Nc3 c5 5. dxc5 Qa5 6. Bd2 Qxc5 7. e3 0-0 8. Be2 b6 9. Rc1 Bb7 10. b4 Qc8 11. 0-0 Qd8 12. Qb3 d6 13. Rfd1 Nbd7 14. Qb1 Rc8 15. e4 Ba6 16. Nb5 Ra8 17. h3 Bb7 18. Nc3 a6 19. Be3 Rb8 20. e5 dxe5 21. Nxe5 Qe8 22. Nxd7 Nxd7 23. Nd5 e6 24. Nc3 Qc8 25. Ne4 Qc6 26. f3 Rfc8 27. b5 Qc7 28. Nd6 Rd8 29. bxa6 Bxa6 30. Nb5 Qc8 31. Kh1 Nc5 32. Nd6 Qc7 33. Nb5 Qe5 34. Bxc5 Qxc5 35. Qe4 Qe5 36. Qxe5 Bxe5 37. Bd3 Bf4 38. Rb1 Be5 39. Kg1 Kg7 40. Kf1 Rd7 41. Be4 Rbd8 42. Ke2 f5 43. Rxd7+ Rxd7 44. Bd3 Kf6 45. Rb3 h5 46. Rb1 h4 47. Rb3 Kg5 48. Kf2 Bb7 49. Na3 Bd4+ 50. Ke2 Bc5 51. Nc2 Rd8 52. Ne1 e5 53. Bb1 Ba6 54. Rc3 Bd4 55. Rc1 Rc8 56. Bd3 Ra8 57. Rc2 Bb7 58. Rd2 Bc3 59. Rc2 Ra3 60. Rc1 Rxa2+ 61. Rc2 Rxc2+ 0-1

[Event "GER CupT 1617 prel2"]
[Site "Hamburg"]
[Date "2017.01.29"]
[Round "2.2"]
[White "Bokros, Albert"]
[Black "Thannheiser, Thomas"]
[Result "1/2-1/2"]
[WhiteElo "2496"]
[BlackElo "2239"]
[PlyCount "80"]
[EventDate "2017.01.28"]
[EventType "team-k.o."]
[EventRounds "2"]
[EventCountry "GER"]
[SourceTitle "EXT 2019"]
[Source "ChessBase"]
[SourceDate "2018.10.10"]
[SourceVersion "1"]
[SourceVersionDate "2018.10.10"]
[SourceQuality "1"]
[WhiteTeam "Tostedt"]
[BlackTeam "Luebeck"]
[WhiteTeamCountry "GER"]
[BlackTeamCountry "GER"]

1. e4 e5 2. Nf3 Nc6 3. Bb5 Nf6 4. d4 Nxe4 5. dxe5 d5 6. 0-0 a6 7. Ba4 b5 8. Bb3 Be6 9. Be3 Be7 10. Nbd2 Nc5 11. Bxc5 Bxc5 12. Qe2 0-0 13. Rad1 Qe7 14. c3 Rfd8 15. Bc2 Bg4 16. h3 Bh5 17. g4 Bg6 18. Bxg6 hxg6 19. Nb3 Bb6 20. Rfe1 Rac8 21. Kg2 Na5 22. Nxa5 Bxa5 23. a4 c6 24. axb5 axb5 25. Ra1 Bb6 26. e6 Rf8 27. exf7+ Qxf7 28. Qe6 Kh8 29. Qxf7 Rxf7 30. Ra6 Rcf8 31. Rxb6 Rxf3 32. Re2 R3f6 33. Rb7 g5 34. Rc7 Kh7 35. b4 Kg6 36. Kg1 R8f7 37. Ree7 Rxe7 38. Rxe7 Rd6 39. Rc7 Kh7 40. Kg2 d4 1/2-1/2

[Event "Oberliga Nord N 1617"]
[Site "Germany"]
[Date "2016.12.04"]
[Round "3.7"]
[White "Thannheiser, Thomas"]
[Black "Groetzbach, Julian"]
[Result "0-1"]
[WhiteElo "2228"]
[BlackElo "2213"]
[PlyCount "68"]
[EventDate "2016.10.16"]
[EventType "team-tourn"]
[EventRounds "9"]
[EventCountry "GER"]
[SourceTitle "EXT 2018"]
[Source "ChessBase"]
[SourceDate "2017.10.13"]
[SourceVersion "1"]
[SourceVersionDate "2017.10.13"]
[SourceQuality "1"]
[WhiteTeam "Luebeck"]
[BlackTeam "Hamburger SK"]
[WhiteTeamCountry "GER"]
[BlackTeamCountry "GER"]

1. c4 c6 2. e4 d5 3. exd5 cxd5 4. cxd5 Nf6 5. Nc3 Nxd5 6. d4 Nc6 7. Nf3 e6 8. Bd3 Be7 9. 0-0 0-0 10. Re1 h6 11. a3 Qa5 12. Bd2 Rd8 13. Na4 Qc7 14. Rc1 Qb8 15. Bb1 Bf6 16. Rxc6 bxc6 17. Qc2 Bd7 18. Ne5 Be8 19. Ba5 Rc8 20. Bd2 a5 21. Nc5 Ra7 22. Qh7+ Kf8 23. Ng6+ fxg6 24. Nxe6+ Ke7 25. Nxg7+ Kd6 26. Re6+ Kd7 27. Rxe8 Rxe8 28. Nxe8+ Kd8 29. Qg8 Bxd4 30. Nf6+ Kc7 31. Nxd5+ Kb7 32. Qxb8+ Kxb8 33. Nc3 g5 34. h4 Rb7 0-1

[Event "Pardubice Czech op-A 26th"]
[Site "Pardubice"]
[Date "2015.07.25"]
[Round "2"]
[White "Jansa, Vlastimil"]
[Black "Thannheiser, Thomas"]
[Result "1-0"]
[WhiteElo "2457"]
[BlackElo "2232"]
[PlyCount "65"]
[EventDate "2015.07.24"]
[EventType "swiss"]
[EventRounds "9"]
[EventCountry "CZE"]
[SourceTitle "CBM 167 Extra"]
[Source "ChessBase"]
[SourceDate "2015.09.14"]
[SourceVersion "1"]
[SourceVersionDate "2015.09.14"]
[SourceQuality "1"]

1. e4 e5 2. Nf3 Nc6 3. Bb5 a6 4. Ba4 Nf6 5. 0-0 Nxe4 6. d4 b5 7. Bb3 d5 8. dxe5 Be6 9. Qe2 Bc5 10. Be3 Qe7 11. Rd1 Rd8 12. Nbd2 Bxe3 13. Qxe3 Nc5 14. c3 0-0 15. Bc2 Rfe8 16. Re1 Nd7 17. a4 Qc5 18. Qf4 Nf8 19. Nb3 Qb6 20. a5 Qa7 21. h4 h6 22. h5 Rb8 23. Re3 Nd7 24. Nfd4 Nxd4 25. Nxd4 Qc5 26. Rg3 Kh8 27. b4 Qe7 28. Nc6 Qf8 29. Nxb8 Rxb8 30. Qd4 c5 31. bxc5 Nxc5 32. f4 Rd8 33. Re1 1-0

[Event "Pardubice Czech op-A 26th"]
[Site "Pardubice"]
[Date "2015.07.24"]
[Round "1"]
[White "Thannheiser, Thomas"]
[Black "Lalic, Bogdan"]
[Result "1/2-1/2"]
[WhiteElo "2232"]
[BlackElo "2480"]
[PlyCount "22"]
[EventDate "2015.07.24"]
[EventType "swiss"]
[EventRounds "9"]
[EventCountry "CZE"]
[SourceTitle "CBM 167 Extra"]
[Source "ChessBase"]
[SourceDate "2015.09.14"]
[SourceVersion "1"]
[SourceVersionDate "2015.09.14"]
[SourceQuality "1"]

1. e4 c5 2. Nf3 d6 3. d4 cxd4 4. Nxd4 Nf6 5. Nc3 e6 6. Bc4 Be7 7. Be3 0-0 8. Bb3 Na6 9. f4 Nc5 10. Qf3 a6 11. 0-0-0 Qc7 1/2-1/2

[Event "Oberliga Nord N 1314"]
[Site "Germany"]
[Date "2013.12.15"]
[Round "4.1"]
[White "Thannheiser, Thomas"]
[Black "Fries Nielsen, Jens Ove"]
[Result "0-1"]
[WhiteElo "2251"]
[BlackElo "2386"]
[PlyCount "70"]
[EventDate "2013.10.13"]
[EventType "team-tourn"]
[EventRounds "9"]
[EventCountry "GER"]
[SourceTitle "EXT 2015"]
[Source "ChessBase"]
[SourceDate "2014.11.20"]
[SourceVersion "1"]
[SourceVersionDate "2014.11.20"]
[SourceQuality "1"]
[WhiteTeam "Luebeck II"]
[BlackTeam "St Pauli"]
[WhiteTeamCountry "GER"]
[BlackTeamCountry "GER"]

1. e4 d6 2. Nc3 Nf6 3. d4 a6 4. f3 e6 5. Be3 Nbd7 6. Qd2 b5 7. a4 b4 8. Na2 c5 9. Nc1 cxd4 10. Bxd4 e5 11. Be3 d5 12. exd5 Bb7 13. Bc4 Nb6 14. Bb3 Nbxd5 15. Bg5 Qc7 16. Nd3 0-0-0 17. 0-0-0 h6 18. Bxf6 gxf6 19. Qf2 h5 20. Kb1 f5 21. Ne2 f4 22. Nec1 Ne3 23. Rde1 a5 24. Rxe3 fxe3 25. Qxe3 f6 26. Re1 Kb8 27. Qf2 h4 28. Qe3 Bd6 29. h3 Rde8 30. Qd2 f5 31. Re2 e4 32. fxe4 fxe4 33. Nf2 Bf4 34. Qe1 Bg3 35. Qg1 Qb6 0-1

[Event "GER KF-35 Class1 B3 email"]
[Site "GER email"]
[Date "2007.??.??"]
[Round "?"]
[White "Jenull, Marco S"]
[Black "Thannheiser, Thomas"]
[Result "1/2-1/2"]
[WhiteElo "1949"]
[BlackElo "2060"]
[PlyCount "52"]
[EventDate "2007.??.??"]
[EventType "tourn (corr)"]
[EventRounds "6"]
[EventCountry "GER"]
[SourceTitle "Corr 2008"]
[Source "ChessBase"]
[SourceDate "2008.06.24"]
[SourceVersion "1"]
[SourceVersionDate "2008.06.24"]
[SourceQuality "1"]

1. e4 c5 2. Nf3 d6 3. d4 cxd4 4. Nxd4 Nf6 5. Nc3 g6 6. Be3 Bg7 7. f3 Nc6 8. Qd2 0-0 9. 0-0-0 d5 10. h4 dxe4 11. h5 Nxd4 12. Bxd4 e5 13. Bc5 Qxd2+ 14. Rxd2 Bh6 15. Bxf8 Kxf8 16. hxg6 Bxd2+ 17. Kxd2 hxg6 18. Nxe4 Ke7 19. Nxf6 Kxf6 20. Rh8 b6 21. Bc4 Bb7 22. Rxa8 Bxa8 23. Ke3 Ke7 24. g4 f5 25. gxf5 gxf5 26. f4 Kd6 1/2-1/2

[Event "Oberliga Nord N 0405"]
[Site "Germany"]
[Date "2005.04.10"]
[Round "9.1"]
[White "Thannheiser, Thomas"]
[Black "Lindinger, Markus"]
[Result "1/2-1/2"]
[WhiteElo "2205"]
[BlackElo "2296"]
[PlyCount "113"]
[EventDate "2004.10.24"]
[EventType "team-tourn"]
[EventRounds "9"]
[EventCountry "GER"]
[SourceTitle "EXT 2006"]
[Source "ChessBase"]
[SourceDate "2005.11.24"]
[SourceVersion "1"]
[SourceVersionDate "2005.11.24"]
[SourceQuality "1"]
[WhiteTeam "Luebeck II"]
[BlackTeam "Hamburger SK III"]
[WhiteTeamCountry "GER"]
[BlackTeamCountry "GER"]

1. e4 c5 2. Nc3 a6 3. f4 b5 4. a4 b4 5. Nb1 Bb7 6. d3 e6 7. Nf3 d5 8. exd5 exd5 9. g3 Nf6 10. Bg2 Be7 11. 0-0 0-0 12. Kh1 Nc6 13. Be3 Re8 14. Bg1 Bf8 15. Nbd2 Qd7 16. h3 Rad8 17. Re1 Rxe1 18. Qxe1 Re8 19. Qf1 Bd6 20. Bf2 Na5 21. Kh2 d4 22. b3 Nd5 23. Re1 f5 24. Rxe8+ Qxe8 25. Kg1 Qe7 26. Qe1 Ne3 27. Bxe3 dxe3 28. Nf1 e2 29. N1d2 c4 30. bxc4 Bc5+ 31. d4 Qe3+ 32. Kh2 Bxd4 33. Nxd4 Bxg2 34. Kxg2 Qxd4 35. Qxe2 Kf7 36. Nf3 Qe4 37. Qxe4 fxe4 38. Ne5+ Ke6 39. Kf2 b3 40. cxb3 Nxb3 41. Ke3 Nc5 42. a5 Kd6 43. Nf7+ Kc6 44. Ng5 Nb3 45. Nxe4 Nxa5 46. Kd3 h5 47. g4 hxg4 48. hxg4 Nb7 49. f5 Nd8 50. g5 Nf7 51. Kd4 a5 52. Kc3 Ne5 53. f6 gxf6 54. gxf6 a4 55. Ng5 Kd6 56. Ne4+ Ke6 57. Nc5+ 1/2-1/2

[Event "Oberliga Nord N 0405"]
[Site "Germany"]
[Date "2005.01.30"]
[Round "6.1"]
[White "Schmidt, Harald"]
[Black "Thannheiser, Thomas"]
[Result "1/2-1/2"]
[WhiteElo "2347"]
[BlackElo "2205"]
[PlyCount "98"]
[EventDate "2004.10.24"]
[EventType "team-tourn"]
[EventRounds "9"]
[EventCountry "GER"]
[SourceTitle "EXT 2006"]
[Source "ChessBase"]
[SourceDate "2005.11.24"]
[SourceVersion "1"]
[SourceVersionDate "2005.11.24"]
[SourceQuality "1"]
[WhiteTeam "Glinde"]
[BlackTeam "Luebeck II"]
[WhiteTeamCountry "GER"]
[BlackTeamCountry "GER"]

1. c4 e6 2. d4 d5 3. Nc3 c5 4. cxd5 exd5 5. Nf3 Nc6 6. e3 Nf6 7. Be2 cxd4 8. Nxd4 Bd6 9. 0-0 0-0 10. b3 Be5 11. Nxc6 bxc6 12. Bb2 Re8 13. Na4 Bxb2 14. Nxb2 Qd6 15. Rc1 Bf5 16. Nd3 Bxd3 17. Qxd3 a5 18. Bf3 Re6 19. Rfd1 Qb4 20. Qd4 g6 21. h4 h5 22. g3 Rb8 23. Qb2 Qb6 24. Qc3 a4 25. bxa4 Qb2 26. Rd2 Qxc3 27. Rxc3 Ne4 28. Bxe4 Rxe4 29. Rxc6 Rxa4 30. Rxd5 Rxa2 31. Rd7 Kg7 32. Rcc7 Rf8 33. e4 Re2 34. Re7 Ra2 35. Kg2 Ra6 36. e5 Raa8 37. e6 Rae8 38. Kf3 Kf6 39. Rxe8 Rxe8 40. exf7 Ra8 41. Ke4 Rb8 42. f3 Ra8 43. Ra7 Rb8 44. g4 hxg4 45. fxg4 Rb4+ 46. Kd5 Kg7 47. h5 gxh5 48. g5 Rf4 49. Ke6 Rf1 1/2-1/2